01109nam0a22002291 4500001001100000005001700011035002600028100004100054101000800095102000700103105001800110200030500128210003600433215001600469606008800485606010900573702006700682712007100749801001800820801002200838852001900860rc\219280020260406153312.0 a(NLR Aleph) 006692849 a20110829d1978 |||y0rusy50 ca0 arus aRU ay z |||||1 aМетодические разработки по теме "Воспитание советского патриотизма у старших подростков в процессе изучения русской литературы"fНИИ педагогикиg[Сост. Кощут Л.Т.] aКишиневc[Б. и.]d1978 a135 с.d20 aСоветский патриотизмxВоспитание в школе2psbo aРусская литератураjМетод. пособия для нерусских школ2psbo 1aКощугbЛ.Т.gЛеонида Терентьевна422002aНИИ педагогикиcКишинев3RU\NLR\AUTH\889928702 0aRUbNLRgpsbo 1aRUbELAR2rusmarc aNLRj78-3/5388